000 002300000a22000970004500
100 1 _aMahecha, Guidoberto
245 1 0 _aFe en Cristo
300 _aVol. 2, Núm 7 (1990), Páginas 5-6
773 0 _tImpacto Presbiteriano
942 _cANA
999 _c50867
_d50867